Fundamentals of auditing / (Record no. 129481)

MARC details
000 -LEADER
fixed length control field 00850nam a22002537a 4500
003 - CONTROL NUMBER IDENTIFIER
control field dpl
005 - DATE AND TIME OF LATEST TRANSACTION
control field 20180613125511.0
008 - FIXED-LENGTH DATA ELEMENTS--GENERAL INFORMATION
fixed length control field 180613b xxu||||| |||| 00| 0 eng d
010 ## - LIBRARY OF CONGRESS CONTROL NUMBER
LC control number A-899217
020 ## - INTERNATIONAL STANDARD BOOK NUMBER
Terms of availability 00.00
035 ## - SYSTEM CONTROL NUMBER
System control number A-899217, A-899225
037 ## - SOURCE OF ACQUISITION
Source of stock number/acquisition Cen Lib/Ret
040 ## - CATALOGING SOURCE
Original cataloging agency DPL
Language of cataloging EN
Transcribing agency 0
082 ## - DEWEY DECIMAL CLASSIFICATION NUMBER
Classification number 657.98
Item number SAX
100 ## - MAIN ENTRY--PERSONAL NAME
Personal name Saxena, R. G.
9 (RLIN) 26491
245 ## - TITLE STATEMENT
Title Fundamentals of auditing /
Statement of responsibility, etc by R.G. Saxena [and] C. Mallikharjuna Rao
Remainder of title as per revised common-core syllabus of universities in Andhra Pradesh /
260 ## - PUBLICATION, DISTRIBUTION, ETC. (IMPRINT)
Place of publication, distribution, etc Mumbai
Name of publisher, distributor, etc Himalaya Publishing House
Date of publication, distribution, etc 1997
270 ## - ADDRESS
Address Ramdoot, Dr. Bhalerao Marg Girgaon
City Mumbai
Postal code 400004
300 ## - PHYSICAL DESCRIPTION
Extent 436p.
Dimensions 20cm(Hb)
650 ## - SUBJECT ADDED ENTRY--TOPICAL TERM
Topical term or geographic name as entry element Auditing
9 (RLIN) 111386
650 ## - SUBJECT ADDED ENTRY--TOPICAL TERM
Topical term or geographic name as entry element Special Audits
9 (RLIN) 26492
700 ## - ADDED ENTRY--PERSONAL NAME
Personal name Rao, C. Mallikharjuna
9 (RLIN) 107412
942 ## - ADDED ENTRY ELEMENTS (KOHA)
Source of classification or shelving scheme Dewey Decimal Classification
Koha item type English Books
Classification part 657.98
Call number suffix SAX
Holdings
Withdrawn status Lost status Damaged status Not for loan Home library Current library Date acquired Source of acquisition Cost, normal purchase price Total Checkouts Full call number Barcode Checked out Date last seen Date checked out Copy number Cost, replacement price Price effective from Koha item type Source of classification or shelving scheme Collection code
        Central Library Central Library 06/07/2015 Cen Lib/Ret 0.00 1 657.98 SAX A-899217 14/07/2026 30/06/2026 30/06/2026 1 0.00 15/09/2016 English Books    
        Shahdara Branch Shahdara Branch 13/06/2018 BPPD/PUB 0.00   657.98 SAX A-899225   13/06/2018     0.00 13/06/2018 English Books Dewey Decimal Classification Non-fiction

© Delhi Public Library
Hit Counter
free hit counter